00355pab a2200145 454500008004000000100002800040245004300068260000900111300001700120362001000137650001400147650001000161700001800171773002000189180718b2011 xxu||||| |||| 00| 0 eng d aBharadwaj, Sanjay Kumar aEmpowerment of women through education c2011 ap.16-22, 25. a1 Aug aEducation aWomen aSangeeta Rani aUniversity News